000 00551nam a22001697a 4500
003 OSt
005 20240926014357.0
008 240926b |||||||| |||| 00| 0 eng d
040 _c0
082 _aDPer 050 R22 2000 January-May 2023 v123 no. 719-723
100 _a Muchlauer, Alexander.
_eauthor.
_961679
245 _aa tweed revival /
_cAlexander Muchlauer.
260 _aTaipei ;
_bReader's Digest Asia,
_c March 2023.
300 _aVolume 123, pages 42-49,
_billustration.
700 _a Muchlauer, Alexander.
_eauthor.
_961679
942 _2ddc
_cPER
999 _c21892
_d21892